| 000 -LEADER |
| fixed length control field |
00531cam a22001337a 4500 |
| 008 - FIXED-LENGTH DATA ELEMENTS--GENERAL INFORMATION |
| fixed length control field |
180718b1930 xxu||||| |||| 00| 0 eng d |
| 082 ## - DEWEY DECIMAL CLASSIFICATION NUMBER |
| Classification number |
P41x5422 C333 |
| 100 ## - MAIN ENTRY--PERSONAL NAME |
| Personal name |
Central Provinces. Curriculum Revision Committee appointed by the Board of High School Education |
| 245 ## - TITLE STATEMENT |
| Title |
Report of the Curriculum Revision Committee appointed by the Board of High School Education, Central Provinces |
| 260 ## - PUBLICATION, DISTRIBUTION, ETC. |
| Place of publication, distribution, etc. |
Nagpur |
| Name of publisher, distributor, etc. |
The author |
| Date of publication, distribution, etc. |
1930 |
| 300 ## - PHYSICAL DESCRIPTION |
| Extent |
194+p. |
| 500 ## - GENERAL NOTE |
| General note |
Chairman: Sita Charan Dube |
| 700 ## - ADDED ENTRY--PERSONAL NAME |
| Personal name |
Dube, Sita Charan (Chairman) |